000 00604cab a2200205 4500
001 WB2448-41
008 090401t1988 xxu||||| |||| 00| 0 eng d
035 _a(Sirsi) u38099
041 _aeng
245 _aLargest shopping complex
260 _c1988
350 _a0
490 _aFinancial Times
_v30/11/88 p10
520 _aBritain`s largest out-of-town shopping centre is to be built at Sandwell , West Midlands at an estimated cost of £300m.
650 _aALTON GROUP
650 _aSPEYHAWK LAND AND ESTATES
690 _aPROPERTY-COMMERCIAL PROPERTY
942 _n0
948 _c04/03/1997
999 _c24482
_d24482